Memoria de las Cosas/ (Record no. 2702)

MARC details
000 -LEADER
campo de control de longitud fija 00470nam a2200169 4500
003 - IDENTIFICADOR DE NÚMERO DE CONTROL
campo de control OSt
005 - FECHA Y HORA DE LA ÚLTIMA TRANSACCIÓN
campo de control 20221121105206.0
008 - DATOS DE LONGITUD FIJA--INFORMACIÓN GENERAL
campo de control de longitud fija 221117b |||||||| |||| 00| 0 eng d
020 ## - NÚMERO INTERNACIONAL ESTÁNDAR DEL LIBRO
Número Internacional Estándar del Libro 9978 44 393 2
040 ## - FUENTE DE CATALOGACIÓN
Centro/agencia transcriptor Biblioteca Lado V
082 ## - NÚMERO DE LA CLASIFICACIÓN DECIMAL DEWEY
Número de clasificación 704.946
Número de ítem Z35d
100 ## - ENTRADA PRINCIPAL--NOMBRE DE PERSONA
9 (RLIN) 477
Nombre de persona Santillan, David
Término indicativo de función/relación autor
245 ## - MENCIÓN DEL TÍTULO
Título Memoria de las Cosas/
260 ## - PUBLICACIÓN, DISTRIBUCIÓN, ETC.
Nombre del editor, distribuidor, etc. ABR LATAS
Lugar de publicación, distribución, etc. Quito, Ecuador
Fecha de publicación, distribución, etc. 2005
300 ## - DESCRIPCIÓN FÍSICA
Extensión 48p.
Dimensiones 20x20cm
942 ## - ELEMENTOS DE ENTRADA SECUNDARIOS (KOHA)
Fuente del sistema de clasificación o colocación Clasificación Decimal Dewey
Tipo de ítem Koha Libros
Parte de la signatura que corresponde a la clasificación (Parte de la clasificación) 704.946
Parte de la signatura que identifica el ejemplar (Parte del ítem) Z35d
Holdings
Estatus retirado Estado de pérdida Fuente del sistema de clasificación o colocación Estado de daño No para préstamo Biblioteca de origen Biblioteca actual Fecha de adquisición Número de inventario Total de préstamos Signatura topográfica completa Código de barras Visto por última vez Precio de reemplazo Tipo de ítem Koha
    Clasificación Decimal Dewey     Biblioteca LadoV Biblioteca LadoV 21/11/2022 001120   704.946 Z35d 001120 21/11/2022 21/11/2022 Libros